• 首页
  • 本馆介绍
  • 公告通知
  • 最新文献
  • 馆藏检索
  • 电子资源
  • 读者导购
  • 参考咨询
  • 我的图书馆
  • 登录
  • 详细信息显示
  • 放入我的书架
  • 预约/预借图书
  • 作者相关作品
  • 分类相关作品
  • 丛书相关作品
  • 出版社相关作品

书目信息

  • 表格格式
  • 工作单格式
  • 卡片格式
题名:
数学分析内容、方法与技巧
    
 
作者: 孙清华 , 孙昊 著
分册: 上  
出版信息: 武汉   华中科技大学出版社  2003
页数: 489页
开本: 20cm
丛书名: 工科数学的内容、方法与技巧丛书
单 册:
中图分类: O17
科图分类:
主题词: 数学分析--高等学校
电子资源:
ISBN: 7-5609-2953-2
000 00902oam2 2200253 45
001 002461841
005 20050919105143.87
010    @a7-5609-2953-2@dCNY19.00
100    @a20030925d2003 em y0chiy0110 ea
101 0  @achi
102    @aCN@b420000
105    @ay z 000yy
200 1  @a数学分析内容、方法与技巧@Ashu xue fen xi nei rong 、 fang fa yu ji qiao@h上@f孙清华,孙昊著@FSun Qing Hua,Sun Hao Zhu
210    @a武汉@c华中科技大学出版社@d2003
215    @a489页@d20cm
225 2  @a工科数学的内容、方法与技巧丛书
330    @a本书是学习数学分析课程的一本辅导书。书中内容包括实数与数列极限,函数、极限与连续性,导数与微分,微分中值定理与利用导数研究函数,不定积分,定积分及其应用等。
410    @12001 @a工科数学的内容、方法与技巧丛书
606 0  @a数学分析@x高等学校
690    @aO17@v4
701  0 @a孙清华@4著
701  0 @a孙昊@4著
801  0 @aCN@bNLC@c20050919
905    @dO17@e67:1
    
    数学分析内容、方法与技巧.上/孙清华,孙昊著.-武汉:华中科技大学出版社,2003
    489页;20cm.-(工科数学的内容、方法与技巧丛书)
    
    
    ISBN 7-5609-2953-2:CNY19.00
    本书是学习数学分析课程的一本辅导书。书中内容包括实数与数列极限,函数、极限与连续性,导数与微分,微分中值定理与利用导数研究函数,不定积分,定积分及其应用等。
●
相关链接 在E读中查询图书 在五车中查询图书 在当当中查询图书 在豆瓣中查询图书


正题名:数学分析内容、方法与技巧     索取号:O17/67:1         预约/预借

序号 登录号 条形码 馆藏地/架位号 状态 备注
1 0348192   203481927   第二样本阅览室/ [索取号:O17/67:1] 在馆    
2 0348193   203481936   第三借阅区/ [索取号:O17/67:1] 在馆    
3 0348194   203481945   第三借阅区/ [索取号:O17/67:1] 在馆    
4 0348195   203481954   第三借阅区/ [索取号:O17/67:1] 在馆    
5 0348196   203481963   第三借阅区/ [索取号:O17/67:1] 已借出,限还日期为2012.12.04
借出人:赵宏铭  
 
6 0348197   203481972   第三借阅区/ [索取号:O17/67:1] 在馆    
7 0348198   203481981   第三借阅区/ [索取号:O17/67:1] 在馆    
8 0348199   203481990   第三借阅区/ [索取号:O17/67:1] 在馆    
9 0348200   203482007   第三借阅区/ [索取号:O17/67:1] 在馆    
10 0348201   203482016   第三借阅区/ [索取号:O17/67:1] 在馆    
11 0361887   3618874   第三借阅区/ [索取号:O17/67:1] 在馆    
12 0361888   3618883   第三借阅区/ [索取号:O17/67:1] 在馆    
13 0361889   3618892   第三借阅区/ [索取号:O17/67:1] 在馆    
14 0361890   3618909   第三借阅区/ [索取号:O17/67:1] 在馆    
15 0361891   3618918   第三借阅区/ [索取号:O17/67:1] 在馆    
16 0361892   3618927   第三借阅区/ [索取号:O17/67:1] 在馆    
17 0361894   3618945   第三借阅区/ [索取号:O17/67:1] 在馆    
18 0361895   3618954   第三借阅区/ [索取号:O17/67:1] 在馆    
19 0361896   3618963   第三借阅区/ [索取号:O17/67:1] 在馆    
唐山师范学院图书馆 欢迎您!
大连网信软件有限公司© 版权所有